| 000 | 01328nam a22002417a 4500 | ||
|---|---|---|---|
| 999 |
_c62336 _d62336 |
||
| 003 | Ge_BSU | ||
| 005 | 20241008101053.0 | ||
| 008 | 241008s1963 ge ||||| |||| 00| 0 geo d | ||
| 041 | _ageo | ||
| 080 | _a821.353.1(092ჭავჭავაძე, ი.) 39(=353.1) ი-40 | ||
| 100 |
_aითონიშვილი, ვალერიან _94614 |
||
| 245 |
_aილია ჭავჭავაძე და საქართველოს ეთნოგრაფია / _cვ. ითონიშვილი; [რედ.: დ. ბენაშვილი]; საქ. სსრ მეცნ. აკადემია. |
||
| 264 |
_aთბილისი : _bსაქ. სსრ მეცნ. აკად. გამ-ბა, _c1963. |
||
| 300 |
_a130 გვ. ; _b21 სმ. |
||
| 490 | _aმეცნიერულ-პოპულარული სერია | ||
| 504 | _aბიბლიოგრ. შენიშვნებში. | ||
| 653 | _aჭავჭავაძე, ილია | ||
| 653 | _aქართველების ეთნოგრაფია | ||
| 700 |
_aბენაშვილი, დ. _eრედაქტორი _94319 |
||
| 710 |
_aსაქ. სსრ მეცნ. აკადემია _923333 |
||
| 773 | _tნაჩუქარი | ||
| 942 |
_2udc _cᲬᲘᲒᲜᲘ |
||